Holiday Quiz

Random Holiday or Clickable Quiz

US Holidays in Order Quiz Stats

 Plays Quiz Updated Dec 7, 2014

Also try: Holiday by Numbers
Challenge
Share
Tweet
Embed
Score 0/10 Timer 01:30
0 Plays Today
% Correct
???
100%
???
81.5%
???
71.8%
???
58.3%
???
48.9%
???
42%
???
36.2%
???
35.2%
???
35.1%
???
35.1%

You're not logged in!

Compare scores with friends on all Sporcle quizzes.
Join for Free
OR
Log In

You Might Also Like...

Show Comments

Extras

Top Quizzes Today


Score Distribution

Your Account Isn't Verified!

In order to create a playlist on Sporcle, you need to verify the email address you used during registration. Go to your Sporcle Settings to finish the process.

Report this User

Report this user for behavior that violates our Community Guidelines.

Details: